[Event "Titled Tuesday intern op 11th Mar Late"]
[Site "Chess.com INT"]
[Date "2025.03.11"]
[Round "10"]
[White "Dmitrenko, Viktor"]
[Black "Bold, Andre"]
[Result "1-0"]
[WhiteElo "2395"]
[BlackElo "2212"]
[PlyCount "71"]
[EventDate "2025.03.11"]
[EventType "swiss (blitz)"]
[EventRounds "11"]
[EventCountry "USA"]
[SourceTitle "CB12_2025"]
[SourceDate "2025.03.19"]
[SourceVersion "1"]
[SourceVersionDate "2025.03.19"]
[SourceQuality "1"]

1. b3 f5 2. Bb2 Nf6 3. Nf3 e6 4. c4 Be7 5. g3 0-0 6. Bg2 Nc6 7. d4 Ne4 8. 0-0 Qe8 9. Nbd2 Nxd2 10. Qxd2 Bf6 11. d5 Bxb2 12. Qxb2 Ne7 13. Rfd1 d6 14. dxe6 Bxe6 15. Nd4 Bc8 16. Rac1 a6 17. c5 d5 18. b4 c6 19. a4 Qg6 20. e3 Qf6 21. b5 axb5 22. axb5 h6 23. Ra1 Rxa1 24. Rxa1 Ng6 25. bxc6 bxc6 26. Qb6 Bd7 27. Ra7 Be8 28. f4 h5 29. h4 Nxh4 30. gxh4 Qxh4 31. Nf3 Qf6 32. Qb4 h4 33. Qd4 Qh6 34. Nxh4 Bf7 35. Nxf5 Qh5 36. Qxg7# 1-0

[Event "Titled Tuesday intern op 14th Jan Early"]
[Site "Chess.com INT"]
[Date "2025.01.14"]
[Round "10"]
[White "Cumpe, Lucas"]
[Black "Dmitrenko, Viktor"]
[Result "1-0"]
[WhiteElo "2294"]
[BlackElo "2395"]
[PlyCount "101"]
[EventDate "2025.01.14"]
[EventType "swiss (blitz)"]
[EventRounds "11"]
[EventCountry "USA"]
[SourceTitle "CB04_2025"]
[SourceDate "2025.01.22"]
[SourceVersion "1"]
[SourceVersionDate "2025.01.22"]
[SourceQuality "1"]

1. e4 c5 2. Nf3 e6 3. d4 cxd4 4. Nxd4 Nf6 5. Nc3 Nc6 6. Ndb5 Bc5 7. Bf4 0-0 8. Bc7 Qe7 9. Bd6 Bxd6 10. Qxd6 Ne8 11. Qxe7 Nxe7 12. 0-0-0 f5 13. e5 Ng6 14. Re1 a6 15. Nd4 b5 16. g3 Bb7 17. Rg1 Nc7 18. f4 Ne7 19. Rd1 Ncd5 20. Nxd5 Bxd5 21. Bg2 Rfc8 22. Bxd5 Nxd5 23. Nxf5 exf5 24. Rxd5 Rc7 25. Rgd1 Raa7 26. Rd6 Kf7 27. R1d5 Ke7 28. Rb6 Rcb7 29. Rdd6 Rxb6 30. Rxb6 g6 31. Kd2 Kd8 32. Rb8+ Ke7 33. Kc3 Rc7+ 34. Kb3 Rc6 35. c3 d6 36. Rb7+ Ke6 37. exd6 Rxd6 38. Rxh7 Rd2 39. Ra7 Rxh2 40. Rxa6+ Kf7 41. Rb6 Rg2 42. Rxb5 Rxg3 43. a4 Rf3 44. Rb4 Rf1 45. a5 g5 46. fxg5 f4 47. a6 f3 48. a7 Ra1 49. Rf4+ Kg6 50. Rxf3 Rxa7 51. Rg3 1-0

[Event "Titled Tuesday intern op 14th Jan Early"]
[Site "Chess.com INT"]
[Date "2025.01.14"]
[Round "9"]
[White "Dmitrenko, Viktor"]
[Black "Dubnevych, Maksym"]
[Result "0-1"]
[WhiteElo "2395"]
[BlackElo "2255"]
[PlyCount "146"]
[EventDate "2025.01.14"]
[EventType "swiss (blitz)"]
[EventRounds "11"]
[EventCountry "USA"]
[SourceTitle "CB04_2025"]
[SourceDate "2025.01.22"]
[SourceVersion "1"]
[SourceVersionDate "2025.01.22"]
[SourceQuality "1"]

1. e4 e5 2. Nf3 Nc6 3. Nc3 Nf6 4. d4 exd4 5. Nd5 Be7 6. Bd3 0-0 7. 0-0 Nxd5 8. exd5 Nb4 9. Nxd4 Nxd3 10. Qxd3 d6 11. Be3 Bf6 12. Rfe1 Bd7 13. c3 Re8 14. a4 c5 15. dxc6 bxc6 16. a5 a6 17. Nb3 Be6 18. Bb6 Qd7 19. Nd2 Bf5 20. Qf3 d5 21. Nb3 Be4 22. Qh3 Qxh3 23. gxh3 Bd3 24. Nc5 Bb5 25. Kg2 h5 26. Kf3 Bg5 27. Nd7 Kh7 28. Bd4 f6 29. Nc5 Bd2 30. Re6 Rxe6 31. Nxe6 Bc4 32. b4 Re8 33. Nc5 g5 34. Kg2 Kg6 35. Rd1 Bf4 36. Nd3 Bb8 37. Re1 Rxe1 38. Nxe1 f5 39. Kf3 g4+ 40. hxg4 hxg4+ 41. Kg2 f4 42. f3 g3 43. hxg3 fxg3 44. Nc2 Bf4 45. Ne3 Be2 46. Ng4 Kf5 47. Be3 Bd6 48. Bd2 Ke6 49. Ne3 Bd3 50. Nd1 Bg6 51. Ne3 Bh5 52. Be1 Be5 53. Nc2 Bg6 54. Nd4+ Kd7 55. Bxg3 Bg7 56. Bb8 Bh6 57. f4 Bd3 58. Kf2 Bg7 59. Be5 Bf8 60. Ke3 Be4 61. f5 Bh6+ 62. Bf4 Bg7 63. Bg5 Be5 64. f6 Bg6 65. Bf4 Bxf6 66. Bg3 Bg5+ 67. Bf4 Bh4 68. Bh2 Be1 69. Ne2 Bh5 70. Nd4 Bxc3 71. Nc2 Bg6 72. Na3 Bxb4 73. Be5 Bxa3 0-1

[Event "Titled Tuesday intern op 14th Jan Early"]
[Site "Chess.com INT"]
[Date "2025.01.14"]
[Round "5"]
[White "Dmitrenko, Viktor"]
[Black "Smirnov, Mark1"]
[Result "1/2-1/2"]
[WhiteElo "2395"]
[BlackElo "2336"]
[PlyCount "94"]
[EventDate "2025.01.14"]
[EventType "swiss (blitz)"]
[EventRounds "11"]
[EventCountry "USA"]
[SourceTitle "CB04_2025"]
[SourceDate "2025.01.22"]
[SourceVersion "1"]
[SourceVersionDate "2025.01.22"]
[SourceQuality "1"]

1. e4 e5 2. Nf3 Nc6 3. Nc3 Nf6 4. d4 exd4 5. Nd5 Be7 6. Bd3 0-0 7. 0-0 d6 8. h3 Nxd5 9. exd5 Ne5 10. Nxd4 Nxd3 11. Qxd3 Bf6 12. Be3 Re8 13. Rfe1 Bd7 14. c3 b6 15. a4 a5 16. Qc4 Qc8 17. Nc6 Qa6 18. Qxa6 Rxa6 19. Bd4 Bxd4 20. Rxe8+ Bxe8 21. cxd4 Bxc6 22. dxc6 Ra8 23. Re1 Kf8 24. f4 d5 25. Kf2 Re8 26. Re5 Rd8 27. Ke3 Rd6 28. g4 g6 29. g5 Rxc6 30. Rxd5 Ke7 31. Re5+ Kd7 32. Kd3 Rc1 33. Re2 Rh1 34. Re3 Rf1 35. Ke4 Kd6 36. b3 c6 37. Rc3 Re1+ 38. Kf3 Kd5 39. Re3 Rxe3+ 40. Kxe3 b5 41. Kd3 bxa4 42. bxa4 c5 43. dxc5 Kxc5 44. Kc3 Kd5 45. Kd3 Kc5 46. Kc3 Kd5 47. Kd3 Kc5 1/2-1/2

[Event "Titled Tuesday intern op 24th Sep Early"]
[Site "Chess.com INT"]
[Date "2024.09.24"]
[Round "8"]
[White "Dmitrenko, Viktor"]
[Black "Kuchava, Ana"]
[Result "1/2-1/2"]
[WhiteElo "2395"]
[BlackElo "2094"]
[PlyCount "121"]
[EventDate "2024.09.24"]
[EventType "swiss (blitz)"]
[EventRounds "11"]
[EventCountry "USA"]
[SourceTitle "EXT 2025"]
[Source "ChessBase"]
[SourceDate "2024.10.14"]
[SourceVersion "1"]
[SourceVersionDate "2024.10.14"]
[SourceQuality "1"]

1. e4 c5 2. Nf3 d6 3. Bb5+ Bd7 4. Bxd7+ Qxd7 5. 0-0 Nc6 6. d3 Nf6 7. Bg5 g6 8. Bxf6 exf6 9. Nc3 Bg7 10. Nd5 0-0 11. c3 f5 12. Re1 fxe4 13. dxe4 Rfe8 14. Qb3 Rad8 15. Rad1 Ne5 16. Nxe5 Rxe5 17. f4 Ree8 18. e5 Qc6 19. Nf6+ Bxf6 20. exf6 d5 21. Rxe8+ Rxe8 22. Qxd5 Qxf6 23. Qxc5 Qxf4 24. Rf1 Qe3+ 25. Qxe3 Rxe3 26. Kf2 Re7 27. Rd1 f5 28. c4 Kf7 29. b4 Re4 30. Rd7+ Ke6 31. Rxb7 Rxc4 32. Rxh7 Rc2+ 33. Kf3 Rxa2 34. Rg7 Kf6 35. Rb7 Ra3+ 36. Kf2 Ke5 37. h4 Kf4 38. Rg7 Ra2+ 39. Kg1 Ra6 40. Kh2 Kg4 41. g3 Ra2+ 42. Kg1 Kxg3 43. Rxg6+ Kxh4 44. Kf1 Rb2 45. Rg7 Rxb4 46. Rxa7 Kg3 47. Ra3+ Kg4 48. Rc3 Rb2 49. Ra3 f4 50. Rc3 Rb1+ 51. Kf2 Ra1 52. Rb3 Ra2+ 53. Kf1 Kf5 54. Rb8 Ke4 55. Rb3 f3 56. Rb8 Ke3 57. Re8+ Kf4 58. Rf8+ Ke3 59. Re8+ Kf4 60. Rf8+ Ke3 61. Re8+ 1/2-1/2

[Event "Titled Tuesday intern op 24th Sep Early"]
[Site "Chess.com INT"]
[Date "2024.09.24"]
[Round "4"]
[White "Dmitrenko, Viktor"]
[Black "Schut, Han"]
[Result "1-0"]
[WhiteElo "2395"]
[BlackElo "2087"]
[PlyCount "61"]
[EventDate "2024.09.24"]
[EventType "swiss (blitz)"]
[EventRounds "11"]
[EventCountry "USA"]
[SourceTitle "EXT 2025"]
[Source "ChessBase"]
[SourceDate "2024.10.14"]
[SourceVersion "1"]
[SourceVersionDate "2024.10.14"]
[SourceQuality "1"]

1. e4 c5 2. Nf3 d6 3. Bb5+ Nd7 4. 0-0 Ngf6 5. Re1 a6 6. Bxd7+ Qxd7 7. c3 b5 8. d4 Bb7 9. e5 Nd5 10. dxc5 dxc5 11. e6 fxe6 12. Ne5 Qc7 13. Qh5+ g6 14. Nxg6 Nf6 15. Qh3 hxg6 16. Qxh8 0-0-0 17. Qh3 Kb8 18. Be3 Qc6 19. Nd2 Bg7 20. Nf3 Ne4 21. Rad1 Rh8 22. Qg4 g5 23. Nxg5 Be5 24. Nxe4 Bxh2+ 25. Kf1 Be5 26. f3 b4 27. Bg1 bxc3 28. bxc3 Bxc3 29. Nxc3 Qb5+ 30. Nxb5 axb5 31. Qxe6 1-0

[Event "Titled Tuesday intern op 24th Sep Early"]
[Site "Chess.com INT"]
[Date "2024.09.24"]
[Round "2"]
[White "Dubreuil, Julien"]
[Black "Dmitrenko, Viktor"]
[Result "1-0"]
[WhiteElo "2096"]
[BlackElo "2395"]
[PlyCount "63"]
[EventDate "2024.09.24"]
[EventType "swiss (blitz)"]
[EventRounds "11"]
[EventCountry "USA"]
[SourceTitle "EXT 2025"]
[Source "ChessBase"]
[SourceDate "2024.10.14"]
[SourceVersion "1"]
[SourceVersionDate "2024.10.14"]
[SourceQuality "1"]

1. e4 c5 2. Nf3 e6 3. d4 cxd4 4. Bg5 Qa5+ 5. c3 a6 6. Bd3 Nc6 7. 0-0 h6 8. Bh4 dxc3 9. Nxc3 Nge7 10. Re1 b5 11. e5 Bb7 12. Ne4 Nd5 13. a3 g5 14. Bg3 Be7 15. Rc1 0-0-0 16. Nfd2 Kb8 17. Nb3 Qb6 18. Nbc5 Ka8 19. Nxb7 Kxb7 20. b4 h5 21. h3 Rdg8 22. Nc5+ Bxc5 23. Rxc5 h4 24. Bh2 Nf4 25. Be4 Rd8 26. Qd6 Qc7 27. Qxc7+ Kxc7 28. Bxf4 gxf4 29. Rd1 Rh5 30. Rd6 Rxe5 31. Rdxc6+ dxc6 32. Rxe5 1-0

[Event "Titled Tuesday intern op 24th Sep Early"]
[Site "Chess.com INT"]
[Date "2024.09.24"]
[Round "6"]
[White "Troltenier, Dirk"]
[Black "Dmitrenko, Viktor"]
[Result "1-0"]
[WhiteElo "2174"]
[BlackElo "2395"]
[PlyCount "67"]
[EventDate "2024.09.24"]
[EventType "swiss (blitz)"]
[EventRounds "11"]
[EventCountry "USA"]
[SourceTitle "EXT 2025"]
[Source "ChessBase"]
[SourceDate "2024.10.14"]
[SourceVersion "1"]
[SourceVersionDate "2024.10.14"]
[SourceQuality "1"]

1. e4 c5 2. Nf3 e6 3. c3 d5 4. exd5 exd5 5. d4 Nc6 6. Bb5 Bd6 7. 0-0 Nge7 8. dxc5 Bxc5 9. Nbd2 0-0 10. Nb3 Bb6 11. Bf4 Bg4 12. Be2 Re8 13. Qd2 Qd7 14. Rad1 Rad8 15. Rfe1 Ng6 16. Bg3 a6 17. h3 Be6 18. Nbd4 Nxd4 19. Nxd4 Ne7 20. Bf3 Nf5 21. Nxf5 Bxf5 22. Rxe8+ Qxe8 23. Bxd5 Be6 24. c4 Bxd5 25. cxd5 Qb5 26. b3 Bc5 27. Qd3 Qb6 28. d6 g6 29. d7 Be7 30. Qe4 Qe6 31. Qxb7 Qe2 32. Qd5 Qe6 33. Qxe6 fxe6 34. Bc7 1-0

[Event "Titled Tuesday intern op 17th Sep Early"]
[Site "Chess,com INT"]
[Date "2024.09.17"]
[Round "9"]
[White "Dmitrenko, Viktor"]
[Black "Jimenez Salas, Maria Teresa"]
[Result "0-1"]
[WhiteElo "2395"]
[BlackElo "1995"]
[PlyCount "108"]
[EventDate "2024.09.17"]
[EventType "swiss (blitz)"]
[EventRounds "11"]
[EventCountry "USA"]
[SourceTitle "EXT 2025"]
[Source "ChessBase"]
[SourceDate "2024.10.14"]
[SourceVersion "1"]
[SourceVersionDate "2024.10.14"]
[SourceQuality "1"]

1. e4 c5 2. Nf3 Nc6 3. Bb5 e6 4. 0-0 Nge7 5. Re1 a6 6. Bf1 d5 7. exd5 Nxd5 8. d4 Nf6 9. Be3 Be7 10. c4 Ng4 11. d5 exd5 12. cxd5 Nb4 13. Bxc5 Nxd5 14. Bc4 Ngf6 15. Nc3 Be6 16. Bxe7 Nxe7 17. Bxe6 fxe6 18. Rxe6 Qxd1+ 19. Rxd1 Kf8 20. Red6 Nc6 21. Ng5 h6 22. Ne6+ Kf7 23. Nc5 Na5 24. N3e4 Nxe4 25. Nxe4 Rhe8 26. f3 Re7 27. b3 Rc8 28. Rd7 Rc2 29. Rxe7+ Kxe7 30. Rd2 Rxd2 31. Nxd2 Kd6 32. Kf2 Kc5 33. a3 Kd4 34. Ke2 Kc3 35. b4 Nc6 36. Ke3 b5 37. Ne4+ Kb2 38. Nc5 Nb8 39. a4 Kc3 40. axb5 axb5 41. Ne6 Kxb4 42. Nxg7 Kc3 43. Ne6 b4 44. Nd4 Nc6 45. Nxc6 b3 46. Nd4 b2 47. Ne2+ Kb4 48. g4 b1Q 49. h4 Qg6 50. Kf4 Qf6+ 51. Kg3 Qe5+ 52. Nf4 Kc4 53. g5 hxg5 54. hxg5 Qxg5+ 0-1

[Event "Titled Tuesday intern op 17th Sep Early"]
[Site "Chess,com INT"]
[Date "2024.09.17"]
[Round "6"]
[White "Dmitrenko, Viktor"]
[Black "Mikhalevski, Victor"]
[Result "0-1"]
[WhiteElo "2395"]
[BlackElo "2482"]
[PlyCount "64"]
[EventDate "2024.09.17"]
[EventType "swiss (blitz)"]
[EventRounds "11"]
[EventCountry "USA"]
[SourceTitle "EXT 2025"]
[Source "ChessBase"]
[SourceDate "2024.10.14"]
[SourceVersion "1"]
[SourceVersionDate "2024.10.14"]
[SourceQuality "1"]

1. e4 e5 2. Nf3 Nc6 3. Nc3 Nf6 4. d4 exd4 5. Nd5 Be7 6. Bd3 0-0 7. 0-0 d6 8. h3 Be6 9. Nxe7+ Qxe7 10. Bg5 h6 11. Bh4 g5 12. Nxg5 hxg5 13. Bxg5 Kg7 14. f4 Qe8 15. e5 Nd5 16. Qh5 f5 17. exf6+ Rxf6 18. Qh7+ Kf8 19. Bh6+ Rxh6 20. Qxh6+ Ke7 21. f5 Bf7 22. f6+ Kd8 23. Rae1 Ne5 24. Bf5 c5 25. g4 Ne3 26. Rf2 Kc7 27. c3 Bd5 28. cxd4 cxd4 29. Qf4 Nxf5 30. Qxf5 Nf3+ 31. Kf1 Qxe1+ 32. Kg2 Qg1# 0-1

[Event "Titled Tuesday intern op 17th Sep Early"]
[Site "Chess,com INT"]
[Date "2024.09.17"]
[Round "5"]
[White "Dmitrenko, Viktor"]
[Black "Vasques, Antonio Pedro Freix"]
[Result "1-0"]
[WhiteElo "2395"]
[BlackElo "2238"]
[PlyCount "107"]
[EventDate "2024.09.17"]
[EventType "swiss (blitz)"]
[EventRounds "11"]
[EventCountry "USA"]
[SourceTitle "EXT 2025"]
[Source "ChessBase"]
[SourceDate "2024.10.14"]
[SourceVersion "1"]
[SourceVersionDate "2024.10.14"]
[SourceQuality "1"]

1. e4 c5 2. Nf3 Nc6 3. Bb5 Nb8 4. 0-0 a6 5. Be2 b5 6. d4 cxd4 7. Nxd4 Bb7 8. f3 d6 9. a4 b4 10. Be3 Nd7 11. a5 g6 12. Qd2 Rb8 13. Qxb4 Bg7 14. Qd2 Ngf6 15. Nc3 0-0 16. Nb3 Ne5 17. Na4 d5 18. exd5 Nxd5 19. Bf2 Qc7 20. Nb6 Rfd8 21. Qc1 Rd6 22. Rd1 Rbd8 23. Nxd5 Rxd5 24. Bb6 Rxd1+ 25. Bxd1 Qc8 26. Bxd8 Qxd8 27. Be2 h5 28. Qd2 Qc7 29. Rd1 Kh7 30. c3 h4 31. Nd4 h3 32. b4 hxg2 33. Kxg2 Nc4 34. Bxc4 Qxc4 35. Qd3 Qa2+ 36. Rd2 Qd5 37. Ne2 Qg5+ 38. Ng3 f5 39. Kf2 Qh4 40. Kg2 f4 41. Ne4 g5 42. Qe2 Kh6 43. Qf2 Qh5 44. Rd4 g4 45. Rd7 Qe5 46. Rxe7 Qxe7 47. Qb6+ Kh5 48. Qc5+ Kh4 49. Qxe7+ Kh5 50. Qxg7 Bxe4 51. fxe4 f3+ 52. Kf2 g3+ 53. Qxg3 Kh6 54. Qxf3 1-0

[Event "Titled Tuesday intern op 10th Sep Early"]
[Site "Chess,com INT"]
[Date "2024.09.10"]
[Round "9"]
[White "Dmitrenko, Viktor"]
[Black "Nigmatov, Ortik"]
[Result "0-1"]
[WhiteElo "2395"]
[BlackElo "2447"]
[PlyCount "94"]
[EventDate "2024.09.10"]
[EventType "swiss (blitz)"]
[EventRounds "11"]
[EventCountry "USA"]
[SourceTitle "EXT 2025"]
[Source "ChessBase"]
[SourceDate "2024.10.14"]
[SourceVersion "1"]
[SourceVersionDate "2024.10.14"]
[SourceQuality "1"]

1. e4 c5 2. Nf3 d6 3. Bb5+ Bd7 4. Bxd7+ Qxd7 5. 0-0 Nf6 6. d3 Nc6 7. Bg5 h6 8. Bxf6 exf6 9. Nc3 g6 10. d4 cxd4 11. Nxd4 Bg7 12. Ndb5 Rd8 13. Qd2 a6 14. Nd4 0-0 15. Nxc6 bxc6 16. Rad1 f5 17. exf5 Qxf5 18. b3 d5 19. Na4 Rfe8 20. Rfe1 Kh7 21. h3 Qf6 22. Qd3 Rxe1+ 23. Rxe1 Qd4 24. Qxd4 Bxd4 25. Re7 Kg7 26. Rc7 Rd6 27. Kf1 Rf6 28. f3 Re6 29. Rc8 h5 30. Ra8 Be5 31. Kf2 h4 32. Ke2 Bf4+ 33. Kd3 Re3+ 34. Kd4 Re2 35. Rxa6 Rxc2 36. Nb6 Rxg2 37. a4 Rb2 38. a5 Rxb3 39. Nd7 Rxf3 40. Rxc6 Rxh3 41. a6 Ra3 42. Nc5 Be3+ 43. Kxd5 Bxc5 44. Kxc5 h3 45. Kb6 g5 46. Rc5 Kg6 47. Ra5 Re3 0-1

[Event "Titled Tuesday intern op 10th Sep Early"]
[Site "Chess,com INT"]
[Date "2024.09.10"]
[Round "4"]
[White "Dmitrenko, Viktor"]
[Black "Nimay, Agrawal"]
[Result "1-0"]
[WhiteElo "2395"]
[BlackElo "1960"]
[PlyCount "77"]
[EventDate "2024.09.10"]
[EventType "swiss (blitz)"]
[EventRounds "11"]
[EventCountry "USA"]
[SourceTitle "EXT 2025"]
[Source "ChessBase"]
[SourceDate "2024.10.14"]
[SourceVersion "1"]
[SourceVersionDate "2024.10.14"]
[SourceQuality "1"]

1. e4 c5 2. Nf3 g6 3. d4 cxd4 4. Nxd4 Bg7 5. c4 Nc6 6. Be3 Nf6 7. Nc3 d6 8. f3 0-0 9. Qd2 Bd7 10. Be2 a5 11. Ndb5 a4 12. 0-0 Qa5 13. Rfc1 Be6 14. Rab1 Nd7 15. b3 axb3 16. axb3 Nb4 17. Nd5 Bxd5 18. exd5 Nc5 19. Bd4 Bxd4+ 20. Nxd4 Qb6 21. Kh1 Na2 22. Rd1 Qb4 23. Qxb4 Nxb4 24. Ra1 Ra6 25. Rxa6 Nbxa6 26. Ra1 Nb4 27. Ra5 f5 28. Bd1 Re8 29. Kg1 Kf7 30. Kf2 Nbd3+ 31. Ke3 Kf6 32. f4 Nb4 33. Rb5 Nba6 34. b4 Nd7 35. Rxb7 Nf8 36. Nc6 e5 37. fxe5+ dxe5 38. Kd3 e4+ 39. Kc3 1-0

[Event "Titled Tuesday intern op 10th Sep Early"]
[Site "Chess,com INT"]
[Date "2024.09.10"]
[Round "7"]
[White "Dmitrenko, Viktor"]
[Black "Srihari, Lakshmi"]
[Result "0-1"]
[WhiteElo "2395"]
[BlackElo "2372"]
[PlyCount "58"]
[EventDate "2024.09.10"]
[EventType "swiss (blitz)"]
[EventRounds "11"]
[EventCountry "USA"]
[SourceTitle "EXT 2025"]
[Source "ChessBase"]
[SourceDate "2024.10.14"]
[SourceVersion "1"]
[SourceVersionDate "2024.10.14"]
[SourceQuality "1"]

1. e4 c5 2. Nf3 d6 3. Bb5+ Nd7 4. 0-0 Ngf6 5. Re1 e6 6. c3 Be7 7. d4 a6 8. Bd3 0-0 9. a4 b6 10. Bc2 Bb7 11. Nbd2 Rc8 12. Nf1 Qc7 13. Re2 Rfe8 14. Ng3 Bf8 15. h3 g6 16. Be3 Bg7 17. Rc1 b5 18. axb5 axb5 19. Rd2 Nb6 20. e5 dxe5 21. dxc5 Nc4 22. Re2 Bxf3 23. gxf3 Nd5 24. b3 Ncxe3 25. Rxe3 Nxe3 26. fxe3 Qxc5 27. Qe2 Qxc3 28. Ne4 Qb2 29. Qd2 Red8 0-1

[Event "Titled Tuesday intern op 10th Sep Early"]
[Site "Chess,com INT"]
[Date "2024.09.10"]
[Round "8"]
[White "Swara, Lakshmi S Nair"]
[Black "Dmitrenko, Viktor"]
[Result "0-1"]
[WhiteElo "2018"]
[BlackElo "2395"]
[PlyCount "52"]
[EventDate "2024.09.10"]
[EventType "swiss (blitz)"]
[EventRounds "11"]
[EventCountry "USA"]
[SourceTitle "EXT 2025"]
[Source "ChessBase"]
[SourceDate "2024.10.14"]
[SourceVersion "1"]
[SourceVersionDate "2024.10.14"]
[SourceQuality "1"]

1. e4 c5 2. Nf3 e6 3. d4 cxd4 4. Nxd4 Nf6 5. Nc3 Nc6 6. Ndb5 Bc5 7. Nd6+ Ke7 8. Bf4 e5 9. Nf5+ Kf8 10. Bg5 d6 11. Ne3 h6 12. Bxf6 Qxf6 13. Ncd5 Qg6 14. Bd3 Be6 15. Qd2 Rc8 16. 0-0 Qg5 17. Rad1 g6 18. c3 a6 19. f4 exf4 20. Nxf4 Kg7 21. Kh1 Rhe8 22. Ned5 Bxd5 23. exd5 Ne5 24. Bc2 Ng4 25. Nh3 Qe5 26. Rde1 Qxh2# 0-1

[Event "Titled Tuesday intern op 03rd Sep Early"]
[Site "Chess.com INT"]
[Date "2024.09.03"]
[Round "8"]
[White "Korsunsky, Yuri"]
[Black "Dmitrenko, Viktor"]
[Result "0-1"]
[WhiteElo "2369"]
[BlackElo "2395"]
[PlyCount "108"]
[EventDate "2024.09.03"]
[EventType "swiss (blitz)"]
[EventRounds "11"]
[EventCountry "USA"]
[SourceTitle "EXT 2025"]
[Source "ChessBase"]
[SourceDate "2024.10.14"]
[SourceVersion "1"]
[SourceVersionDate "2024.10.14"]
[SourceQuality "1"]

1. e4 c5 2. Nf3 e6 3. c3 d5 4. exd5 exd5 5. d4 Nc6 6. Be2 Nf6 7. 0-0 Be7 8. Bg5 0-0 9. dxc5 Bxc5 10. Bxf6 gxf6 11. Nbd2 Bf5 12. Nb3 Bb6 13. Nfd4 Bg6 14. Nxc6 bxc6 15. Bd3 Re8 16. Nd4 Qd7 17. Qf3 Bxd4 18. cxd4 Kg7 19. Rac1 Rab8 20. b3 Rb4 21. Bxg6 hxg6 22. Qc3 Rb6 23. Rfe1 Rbb8 24. h3 Rxe1+ 25. Rxe1 Rc8 26. Qc5 Re8 27. Re3 Re6 28. a4 Qe8 29. Qc3 Rxe3 30. fxe3 Qe4 31. Kf2 Qb1 32. a5 Qa2+ 33. Kf3 a6 34. b4 Qa4 35. Kf2 Kg8 36. Kg1 Kg7 37. Kh2 f5 38. Kg3 Qb5 39. Kf2 Kf6 40. Qc5 Qxc5 41. bxc5 g5 42. Kf3 Kg6 43. g4 Kf6 44. Kg3 Kg6 45. Kf3 fxg4+ 46. Kxg4 f5+ 47. Kg3 Kh5 48. Kf3 Kh4 49. Kg2 g4 50. hxg4 Kxg4 51. Kf2 f4 52. Ke2 fxe3 53. Kxe3 Kg3 54. Ke2 Kf4 0-1

[Event "Titled Tuesday intern op 20th Aug Early"]
[Site "Chess.com INT"]
[Date "2024.08.20"]
[Round "1"]
[White "Dmitrenko, Viktor"]
[Black "Finegold, Benjamin"]
[Result "0-1"]
[WhiteElo "2395"]
[BlackElo "2400"]
[PlyCount "144"]
[EventDate "2024.08.20"]
[EventType "swiss (blitz)"]
[EventRounds "11"]
[EventCountry "USA"]
[SourceTitle "EXT 2025"]
[Source "ChessBase"]
[SourceDate "2024.10.14"]
[SourceVersion "1"]
[SourceVersionDate "2024.10.14"]
[SourceQuality "1"]

1. e4 c5 2. Nf3 Nc6 3. Bb5 e6 4. 0-0 Nge7 5. Re1 a6 6. Bf1 d5 7. exd5 Nxd5 8. d4 Nf6 9. Be3 cxd4 10. Nxd4 Bd7 11. Nd2 Nxd4 12. Bxd4 Bc6 13. Nc4 Be7 14. Ne5 Rc8 15. c4 0-0 16. Nxc6 Rxc6 17. Bc3 Qxd1 18. Raxd1 Rfc8 19. h3 Kf8 20. g4 h6 21. Bg2 Rxc4 22. Bxb7 Rb8 23. Bxa6 Ra4 24. Be2 Rxa2 25. Bf3 Bb4 26. Ra1 Bxc3 27. bxc3 Rbb2 28. Rxa2 Rxa2 29. Rc1 Ke7 30. c4 Kd6 31. Rb1 Ra7 32. Rb6+ Kc5 33. Rc6+ Kd4 34. Rc8 Nd7 35. Rg8 Ne5 36. Bg2 f6 37. Re8 Kxc4 38. Rxe6 Ng6 39. Re4+ Kd3 40. Re3+ Kd4 41. Kh2 Ra2 42. Kg3 Ne5 43. Be4 Nc4 44. Re1 Ra3+ 45. Kg2 Ne5 46. Bf5 g6 47. Rd1+ Kc5 48. Be4 Ra4 49. Bc2 Rc4 50. Bb1 Rd4 51. Rc1+ Kd6 52. Re1 Rd2 53. Kg3 g5 54. Bf5 Ra2 55. Rb1 Ra3+ 56. Kg2 Nf3 57. Rb6+ Ke7 58. Rb7+ Ke8 59. Rb8+ Ke7 60. Rb7+ Kd8 61. Rb8+ Kc7 62. Rf8 Nh4+ 63. Kh2 Ra6 64. Rh8 Nxf5 65. gxf5 Kd6 66. Rxh6 Ke5 67. h4 g4 68. Kg3 Kxf5 69. Rh5+ Kg6 70. Rc5 f5 71. h5+ Kg5 72. f4+ Kf6 0-1

[Event "Titled Tuesday intern op 20th Aug Early"]
[Site "Chess.com INT"]
[Date "2024.08.20"]
[Round "2"]
[White "Manteiga, Franco"]
[Black "Dmitrenko, Viktor"]
[Result "0-1"]
[WhiteElo "2006"]
[BlackElo "2395"]
[PlyCount "20"]
[EventDate "2024.08.20"]
[EventType "swiss (blitz)"]
[EventRounds "11"]
[EventCountry "USA"]
[SourceTitle "EXT 2025"]
[Source "ChessBase"]
[SourceDate "2024.10.14"]
[SourceVersion "1"]
[SourceVersionDate "2024.10.14"]
[SourceQuality "1"]

1. d4 d5 2. c4 e6 3. Nc3 c5 4. cxd5 exd5 5. Nf3 Nc6 6. dxc5 d4 7. Na4 Nf6 8. e3 Bg4 9. Bb5 Qa5+ 10. Bd2 Qxb5 0-1

[Event "Titled Tuesday intern op 13th Aug Early"]
[Site "Chess.com INT"]
[Date "2024.08.13"]
[Round "4"]
[White "Boor, Carl Brandon"]
[Black "Dmitrenko, Viktor"]
[Result "1-0"]
[WhiteElo "2231"]
[BlackElo "2395"]
[PlyCount "83"]
[EventDate "2024.08.13"]
[EventType "swiss (blitz)"]
[EventRounds "11"]
[EventCountry "USA"]
[SourceTitle "EXT 2025"]
[Source "ChessBase"]
[SourceDate "2024.10.14"]
[SourceVersion "1"]
[SourceVersionDate "2024.10.14"]
[SourceQuality "1"]

1. d4 d5 2. c4 e6 3. Nf3 a6 4. g3 Bd6 5. b3 Nf6 6. Bg2 0-0 7. 0-0 b6 8. Bf4 Bb7 9. Ne5 Nbd7 10. Nc3 Ne4 11. Qc2 Nxc3 12. Qxc3 Rc8 13. Rfd1 Qe7 14. cxd5 exd5 15. e3 c5 16. Nxd7 Qxd7 17. Bxd6 Qxd6 18. Rac1 c4 19. bxc4 Rxc4 20. Qb3 b5 21. Qb2 Bc8 22. Bf1 Rxc1 23. Rxc1 Bf5 24. Qc3 h5 25. Qc5 Rd8 26. Qxd6 Rxd6 27. Bg2 Kh7 28. Rc5 Be6 29. Kf1 Rb6 30. Ke1 Rd6 31. Kd2 Kg6 32. a3 Kf6 33. Kc3 Ke7 34. Kb4 Kd7 35. Ka5 f6 36. Bf1 g5 37. h4 gxh4 38. gxh4 Bf5 39. Be2 Bc2 40. Bxh5 f5 41. Bf3 Ke6 42. Rxc2 1-0

[Event "Titled Tuesday intern op 13th Aug Early"]
[Site "Chess.com INT"]
[Date "2024.08.13"]
[Round "2"]
[White "Dmitrenko, Viktor"]
[Black "Andrade, Ivan"]
[Result "0-1"]
[WhiteElo "2395"]
[BlackElo "2140"]
[PlyCount "76"]
[EventDate "2024.08.13"]
[EventType "swiss (blitz)"]
[EventRounds "11"]
[EventCountry "USA"]
[SourceTitle "EXT 2025"]
[Source "ChessBase"]
[SourceDate "2024.10.14"]
[SourceVersion "1"]
[SourceVersionDate "2024.10.14"]
[SourceQuality "1"]

1. e4 c5 2. Nf3 d6 3. Bb5+ Nd7 4. 0-0 Ngf6 5. Re1 e5 6. c3 Be7 7. d4 0-0 8. a4 a6 9. Bf1 b6 10. Na3 Bb7 11. d5 h6 12. Rb1 Nh7 13. Qd3 Ng5 14. Nxg5 Bxg5 15. Nc4 Qe7 16. g3 Bxc1 17. Rexc1 g6 18. Bh3 b5 19. Na5 c4 20. Qe3 Nc5 21. axb5 axb5 22. b4 cxb3 23. Nxb3 Nd7 24. Qxh6 Nf6 25. Qe3 Ra2 26. Ra1 Rfa8 27. Rxa2 Rxa2 28. Ra1 Rxa1+ 29. Nxa1 Qc7 30. Nc2 Qa5 31. Nb4 Kg7 32. Bf1 Bc8 33. h3 Bd7 34. Kg2 Ne8 35. Qd2 Nf6 36. Bd3 Qa3 37. Qa2 Qxc3 38. Qb1 Qd4 0-1